1092 1770 1178 1073 1305 1831 1423 1005 1497 1822 1797 1846 1116 1582 1800 1981 1602 1134 1372 1990 1786 1272 1913 1520 1842 1080 1223 1619 1567 1229 1478 1257 1960 1861 1599 1007 1670 1592 1558 1993 1454 1039 2000 1016 1860 1933 1454 1417 1582 1745 1127 1565 1032 1380 1269 1991 1447 1401 1688 1013 1663 1886 1137 1530 1580 1901 1027 1505 1622 1650 1259 1614 1669 1153 1432 1905 1113 1211 1092 1971 1016 1380 1336 1103 1771 1850 1392 1737 1478 1419 1056 1004 1113 1421 1958 1879 1262 1017 1143 BCNSPRNW ULIB Ver.6.0+V

เปลี่ยนเป็นภาษาไทย

Change to English
 แสดงรายละเอียดบรรณานุกรม
  กลับหน้าหลัก

Brief Record : Get Marc (ISO 2709) : E-mail record : QR code < ปิดหน้าต่าง
LEADER : 00000nam 2200000uu 4500
001    13399110031
003     ULIB
008    110420s2550||||th 000 0 tha d
020    9789747488517
060 04 WG220^bน611ค 2550
100 0  นิธิ มหานนท์
245 10 คู่มือธรรม-ใจ/^cนิธิ มหานนท์
250    พิมพ์ครั้งที่ 1
260    กรุงเทพฯ :^bเอเอเปเปอร์,^c2550
300    141 หน้า :^bภาพประกอบ
650  7 โรคหัวใจ
650  7 โรคกล้ามเนื้อหัวใจขาดเลือด
945    ^p269^l0^i023215
995    ทศพร
999 ^a ใช้งานได้ทุกระบบ
รายการนี้ยังไม่มีแท็ก
คุณยังไม่ได้ล็อกอิน คุณสามารถมีกิจกรรมร่วมกับเว็บไซต์ได้ แต่ต้องล็อกอินก่อน ::
  ล็อกอิน

รายการสื่อสารสนเทศ

ลำดับที่ ประเภท เลขเรียก/บาร์โค้ด สถานที่ สถานะ
- ไม่พบข้อมูล -

รายการใกล้เคียง
    ผู้แต่ง [นิธิ มหานนท์]

    หัวเรื่อง [โรคหัวใจ]
    หัวเรื่อง [โรคกล้ามเนื้อหัวใจขาดเลือด]

BibComment


ยังไม่เคยถูกคอมเมนท์

คอมเมนท์ทรัพยากรรายการนี้
  คอมเมนท์: คู่มือธรรมใจ นิธิ..


 Copyright 2026. Bcnsprnw @Library